|
|
|
|
| LEADER |
00000nam a22000007a 4500 |
| 008 |
160129b2015 cr a|||| |||| 00| | spa d |
| 020 |
|
|
|a 9789968527361
|
| 090 |
|
|
|a 13.02.01
|b 2294
|
| 100 |
1 |
|
|9 1383
|a Monge Rodríguez, Melania
|
| 245 |
1 |
0 |
|a Taller movilidades académicas y científicas en Costa Rica: análisis de situación y perspectivas : memoria /
|c Melania Monge Rodríguez, Marianela González Zúñiga, Silvia Camacho Calvo, Yensi Vargas Sandoval, Alexis Rojas León, Edward Parra Salazar, Luis Muñoz Varela
|
| 260 |
|
|
|a [San José, Costa Rica] :
|b Universidad de Costa Rica, Instituto de Investigación en Educación,
|c 2015
|
| 300 |
|
|
|a 99 páginas;
|b ilustraciones (algunas a color)
|
| 490 |
|
|
|a Colección Yigüirro
|
| 500 |
|
|
|a "Este trabajo forma parte del Proyecto 724-A6-328 de la Vicerrectoría de Investigación de la Universidad de Costa Rica, con el apoyo del Instituto de Investigación en Educación (INIE)"
|
| 650 |
1 |
4 |
|9 1384
|a MOVILIDAD PROFESIONAL
|
| 650 |
1 |
4 |
|9 442
|a COOPERACIÓN CIENTÍFICA
|
| 650 |
1 |
4 |
|9 1386
|a COOPERACIÓN EDUCACIONAL
|
| 650 |
1 |
4 |
|9 1385
|a ÉXODO INTELECTUAL
|
| 700 |
1 |
|
|9 110
|a González Zúñiga, Marianela
|
| 700 |
1 |
|
|9 1387
|a Camacho Calvo, Silvia
|
| 700 |
1 |
|
|9 746
|a Vargas Sandoval, Yensi
|
| 700 |
1 |
|
|9 1344
|a Rojas León, Alexis
|
| 700 |
1 |
|
|9 1388
|a Parra Salazar, Edward
|
| 700 |
1 |
|
|9 763
|a Muñoz Varela, Luis
|
| 942 |
|
|
|i 004080
|h 13.02.01 2294
|2 z
|c 01
|
| 999 |
|
|
|c 3058
|d 3058
|